000 00698nam a22001937a 4500
005 20240206153019.0
010 _aENG-139138
020 _a9788123428987
_c105.00
035 _aEN- 122670
037 _bDBAD/PUB
082 _a883.9
245 _aMaster pIeces An Anthology Of Prose, Poetry, One Act Plat and Short Stories:
_cEdited By K Natarajan
260 _aChennai
_bNew Century Book House (P) Ltd
270 _a41-B, SIDCO Industrial Estate, Ambattur
_bChennai
_e600098
_k044-26251968
_k044-26258410
_k044-26241288
_minfo@ncbh.in
300 _avi,134p.
_c22cm(pb)
500 _aFor The 1 Semester
700 _aNatarajan, K
_eEditor
_961784
942 _2ddc
_cEN
_h883.9
_mMAS
999 _c200574
_d200574